Statistics for SZA - Open Arms (ft. Travis Scott) (All Lyrics)

Click here to take the quiz!

General Stats

  • This quiz has been taken 103 times
  • The average score is 245 of 344

Answer Stats

Answer% Correct
a
99%
I
99%
arms,
97%
arms
97%
me
97%
me,
97%
me?
97%
Open
97%
open
97%
open,
97%
you,
96%
You
96%
you
96%
No
94%
no
94%
on
93%
I'm
90%
(I'm
90%
one
90%
where
90%
so
88%
to
88%
an
87%
When
86%
when
86%
devoted
84%
devoted)
84%
With
84%
with
84%
away,
83%
away
83%
be
83%
fee
83%
like,
83%
like
83%
feel
81%
from
81%
in
81%
keep
81%
Runnin'
81%
your
81%
and
80%
for
80%
For
80%
go,
78%
go
78%
my
78%
stay
78%
ever
77%
Who
77%
around
75%
can
75%
Never
72%
was
72%
yeah,
72%
found
71%
lost
71%
one's
71%
shade
71%
surrounded
71%
that
71%
the
71%
up,
71%
up
71%
bet
70%
favorite
70%
life
70%
life,
70%
Loving
70%
something
70%
color,
68%
every
68%
Locked
68%
of
68%
us,
68%
You're
68%
you're
68%
(you're
68%
between
67%
(ooh)
67%
seein'
67%
what
67%
almost
65%
it
65%
matter
65%
now
65%
feels
64%
come
62%
make
62%
Pull
62%
forever
61%
down
59%
down)
59%
Gotta
59%
gotta
59%
just
59%
Just
59%
replacin'
59%
here
58%
hit
58%
ridin',
58%
I'll
57%
is
57%
let
57%
ain't
55%
back
55%
decided
55%
God,
55%
holdin'
55%
know
55%
only
55%
right
55%
try,
55%
anyway?
54%
anyway
54%
opp,
54%
Push
54%
curb
52%
self-
52%
esteem
51%
hate
51%
mad,
51%
myself
51%
all
49%
ID
49%
leash
49%
Paris,
49%
silence
49%
takin'
49%
la
48%
needs
48%
Notice
48%
this
48%
hopeless
46%
insecurity
46%
that's
46%
But,
45%
don't
45%
face
45%
guess
45%
say
45%
vie,
45%
words,
45%
C'est
43%
it's
43%
put
43%
time
43%
Chokin'
42%
please,
42%
star,
42%
trippin',
42%
bad
41%
must
41%
card
39%
guidin'
39%
his
39%
karma
39%
changin'
38%
switch
38%
bein'
36%
five-
36%
Consequences,
35%
repercussions,
35%
sides,
33%
slide
30%
Through
30%
ups
30%
valid,
30%
Backshots
29%
downs
29%
relief,
29%
whole
29%
could
28%
AP
26%
concrete,
26%
heat
25%
Spent
25%
leave
23%
('Cause
22%
I'ma
22%
Over-
20%
wrist,
20%
solid,
17%
anything,
16%
Take
16%
fire
14%
piece
14%
tell
14%
turn
14%

Score Distribution

Percentile by Number Answered

Percent of People with Each Score

Your Score History

You have not taken this quiz